มุมมองปกติ
มุมมองแบบ MARC
- กฎหมาย
รายการ Topical Term
001 - CONTROL NUMBER
- control field: 4542
003 - CONTROL NUMBER IDENTIFIER
- control field: NALT
005 - DATE AND TIME OF LATEST TRANSACTION
- control field: 20251008085804.0
008 - FIXED-LENGTH DATA ELEMENTS
- fixed length control field: 170626|| aca||aabn | a|a d
040 ## - CATALOGING SOURCE
- Original cataloging agency: NALT
- Transcribing agency: NALT
150 #4 - HEADING--TOPICAL TERM
- Topical term or geographic name entry element: กฎหมาย
- Geographic subdivision: ไทย
- General subdivision: คำศัพท์
670 ## - SOURCE DATA FOUND
- Source citation: Work cat.: (NALT)58513: 2441 สำนักงานเลขาธิการวุฒิสภา สำนักกรรมาธิการ 1, รวมนิยามศัพท์กฎหมายไทย /, 2552
